000 00351nam a2200145Ia 4500
008 150201s1995 xx 000 0 und d
082 _a615.321
_bA1995B
100 _aBARBARA
245 _aAPPLIED PHARMACOLOGY FOR THE DENTAL. H
250 _a3RD
260 _bMOSBY
_aNEW DELHI
_c1995
300 _a1-391
650 _aPHARMACOLOGY
942 _2ddc
_cBK
999 _c3141
_d3141